Vista normal Vista MARC

Entrada Materia (geográfica)

Número de registros utilizados en: 1

001 - CONTROL NUMBER

  • control field: 94706

003 - CONTROL NUMBER IDENTIFIER

  • control field: Co-BoUCM

005 - DATE AND TIME OF LATEST TRANSACTION

  • control field: 20181129103913.0

008 - FIXED-LENGTH DATA ELEMENTS

  • fixed length control field: 181129|| aca||aabn | a|a d

040 ## - CATALOGING SOURCE

  • Original cataloging agency: Co-BoUCM
  • Transcribing agency: Co-BoUCM

151 ## - HEADING--GEOGRAPHIC NAME

  • Geographic name: América Latina
  • General subdivision: Historia
  • Chronological subdivision: Guerras de independencia, 1806-1830
  • General subdivision: Influencia

670 ## - SOURCE DATA FOUND

  • Source citation: Work cat.: (Co-BoUCM)311039: Brewer-Carías, Allan-Randolph 1939- 94703, Reflexiones sobre la Revolución Norteamericana (1776), la Revolución Francesa (1789) y la Revolución Hispanoamericana (1810-1830), y sus aportes al constitucionalismo moderno /, 2008